التجريد لقواعد التجويد / (رقم التسجيلة. 123604)

تفاصيل مارك
000 -الفاتح
عناصر البيانات ثابتة الطول 00781cam a2200217 i 4500
005 - تاريخ ووقت آخر معاملة
حقل ضبط 20251123103335.0
008 - عناصر البيانات ثابتة الطول
عناصر البيانات ثابتة الطول 250721s2010 jo gr 000 0 ara d
020 ## - الترقيم الدولي المعياري للكتب (ردمك)
الترقيم الدولي المعياري للكتب (ردمك) 9789957331818
082 14 - رقم تصنيف ديوي العشري
رقم التصنيف 211.2
رقم المادة ش ن ا
100 1# - مدخل رئيسي – اسم شخصي
الاسم الشخصي الشنابلة، محمد عطا
علاقة الشخص بالعمل/ دوره مؤلف.
245 12 - بيان العنوان
العنوان التجريد لقواعد التجويد /
بيان المسؤولية إعداد خادم كتاب الله الشيخ محمد عطا الشنايلة.
250 ## - بيان الطبعة
بيان الطبعة الطبعة الاولى.
264 31 - بيانات النشر، التوزيع…إلخ
مكان النشر، التوزيع...إلخ عمان :
اسم الناشر، الموزع...إلخ الوراق للنشر والتوزيع،
تاريخ النشر، التوزيع...إلخ 2010.
300 ## - الوصف المادي
عدد الوحدات المكونة للوعاء 250 صفحة.
650 17 - مدخل إضافي بالموضوع - مصطلح موضوعي
مصطلح موضوعي أو اسم جغرافي كعنصر مدخل الاسلام.
650 17 - مدخل إضافي بالموضوع - مصطلح موضوعي
مصطلح موضوعي أو اسم جغرافي كعنصر مدخل القرآن الكريم.
650 17 - مدخل إضافي بالموضوع - مصطلح موضوعي
مصطلح موضوعي أو اسم جغرافي كعنصر مدخل قراءة القرآن.
653 ## - رأس موضوع – غير مقيد
المصطلح / رأس الموضوع غير المقيد أحكام التجويد
942 ## - بيانات إضافية (كوها)
نوع التنصيف Dewey Decimal Classification
نوع المادة (كوها) كتب
المقتنيات
حالة السحب حالة الفقدان مصدر التصنيف حالة التلف غير قابل للإعارة المكتبة الرئيسية المكتبة الحالية موقع الرف تاريخ التزويد الرقم المتسلسل Total Checkouts رقم الإستدعاء الباركود تاريخ آخر ظهور تاريخ الفاتورة نوع المادة (كوها)
    Dewey Decimal Classification     المكتبة المركزية المكتبة المركزية الإعارة 28/07/2025 1449285   211.2 / ش ن ا PLD00210973 28/07/2025 28/07/2025 كتب
    Dewey Decimal Classification     مكتبة أبو علندا العامة مكتبة أبو علندا العامة الإعارة 26/06/2011 1449288   211.2/شنا PLD00211131 28/07/2025 26/06/2011 كتب
    Dewey Decimal Classification     مكتبة البراعم الواعدة مكتبة البراعم الواعدة الإعارة 26/06/2011 1449287   211.2/شنا PLD00211130 28/07/2025 26/06/2011 كتب
Implemented & Customized by: BBB with SCIT (Smart Chains for Information Technology)

Powered by Koha